Wszystkie Zajezdnie MZA Warszawa - Statystyki

Ogólne statystyki
  • Ten quiz został rozwiązany 89 razy
  • Średni wynik to 5 z 9
Statystyki odpowiedzi
Oznaczenie Oznaczenie
Obecne
Nazwa Działalność % Poprawnych
R-10 R-3 Ostrobramska Od 1969
86%
R-7 R-1 Woronicza Od 1963
85%
R-13 R-4 Stalowa Od 1985
78%
R-11 R-2 Kleszczowa Od 1973
71%
R-6 R-5 Redutowa 1964-2013
57%
R-9 - Chełmska 1960-2006
32%
R-12 - Piaseczno 1983-2002
19%
R-8 - Pożarowa 1972-1995
19%
R-5 - Inflacka 1938-2003
8%
Nie znaleziono quizów pasujących do podanych kryteriów
Rozkład punktacji
Procent ludzi z każdym wynikiem
Percentyl według liczby udzielonych odpowiedzi
Twoja historia wyników
Nie rozwiązałeś tego quizu